|
|
|
|
| LEADER |
00696nta a2200193 i 4500 |
| 001 |
dipl124340 |
| 005 |
20241128142923.0 |
| 008 |
220420s2021 hu om 000 hun d |
| 040 |
|
|
|a SZTE Diploma Repozitórium
|b hun
|
| 041 |
|
|
|a hun
|
| 100 |
1 |
|
|a Péter Albert
|
| 245 |
1 |
0 |
|a Fraktál bemutató keretrendszer
|h [elektronikus dokumentum] /
|c Albert Péter
|
| 246 |
1 |
0 |
|a Framework for Fractal Presentation
|h [elektronikus dokumentum]
|
| 260 |
|
|
|c 2021
|
| 650 |
|
4 |
|a Természettudományok
|
| 650 |
|
4 |
|a Natural sciences
|
| 650 |
|
4 |
|a Computer and information sciences
|
| 700 |
0 |
1 |
|a Tóth Zoltán Gábor
|e ths
|
| 856 |
4 |
0 |
|u https://diploma.bibl.u-szeged.hu/id/eprint/124340/1/2021_peter_albert.pdf
|z Dokumentum-elérés
|